ARRUPE JESUIT UNIVERSITY

CORONAVIRUS -STOP THE SPREAD - CLEAN,DISINFECT,COVER

God's people in Christ : (Record no. 122489)

MARC details
000 -LEADER
fixed length control field 01170cam a22003498i 4500
001 - CONTROL NUMBER
control field 4436689
003 - CONTROL NUMBER IDENTIFIER
control field ARRUPE
005 - DATE AND TIME OF LATEST TRANSACTION
control field 20150325171837.0
008 - FIXED-LENGTH DATA ELEMENTS--GENERAL INFORMATION
fixed length control field 790518s1980 pau b 001 0 eng
010 ## - LIBRARY OF CONGRESS CONTROL NUMBER
LC control number 79007380
020 ## - INTERNATIONAL STANDARD BOOK NUMBER
International Standard Book Number 080061531X :
035 ## - SYSTEM CONTROL NUMBER
System control number (OCoLC)5102040
035 ## - SYSTEM CONTROL NUMBER
System control number (OCoLC)ocm05102040
035 ## - SYSTEM CONTROL NUMBER
System control number (NNC)4436689
040 ## - CATALOGING SOURCE
Original cataloging agency DLC
Transcribing agency DLC
Modifying agency NNUT
050 0# - LIBRARY OF CONGRESS CALL NUMBER
Classification number BS2545.C5
Item number H37
090 ## - LOCALLY ASSIGNED LC-TYPE CALL NUMBER (OCLC); LOCAL CALL NUMBER (OCLC)
Classification number (OCLC) (R) ; Classification number, CALL (RLIN) (NR) BS2545.C5
Local cutter number (OCLC) ; Book number/undivided call number, CALL (RLIN) H37
300 ## - PHYSICAL DESCRIPTION
Dimensions 22 cm.
100 1# - MAIN ENTRY--PERSONAL NAME
Personal name Harrington, Daniel J.
9 (RLIN) 16536
245 10 - TITLE STATEMENT
Title God's people in Christ :
Remainder of title New Testament perspectives on the Church and Judaism /
Statement of responsibility, etc by Daniel J. Harrington.
260 ## - PUBLICATION, DISTRIBUTION, ETC. (IMPRINT)
Place of publication, distribution, etc Philadelphia :
Name of publisher, distributor, etc Fortress Press,
Date of publication, distribution, etc c1980.
263 ## - PROJECTED PUBLICATION DATE
Projected publication date 8001
300 ## - PHYSICAL DESCRIPTION
Extent xviii, 126 p. ;
490 1# - SERIES STATEMENT
Series statement Overtures to biblical theology
504 ## - BIBLIOGRAPHY, ETC. NOTE
Bibliography, etc Includes bibliographical references and indexes.
504 ## - BIBLIOGRAPHY, ETC. NOTE
Bibliography, etc "Suggestions for Further Reading": p. 119-121.
630 00 - SUBJECT ADDED ENTRY--UNIFORM TITLE
Uniform title Bible.
Name of part/section of a work New Testament
General subdivision Relation to the Old Testament.
9 (RLIN) 15206
650 20 - SUBJECT ADDED ENTRY--TOPICAL TERM
Topical term or geographic name as entry element People of God
General subdivision Biblical teaching.
9 (RLIN) 16537
650 #0 - SUBJECT ADDED ENTRY--TOPICAL TERM
Topical term or geographic name as entry element Church
General subdivision Biblical teaching.
9 (RLIN) 1924
830 #0 - SERIES ADDED ENTRY--UNIFORM TITLE
Uniform title Overtures to biblical theology.
9 (RLIN) 16538
942 ## - ADDED ENTRY ELEMENTS (KOHA)
Source of classification or shelving scheme Library of Congress Classification
Koha item type Monograph ( Printed materials)
Holdings
Withdrawn status Lost status Source of classification or shelving scheme Damaged status Not for loan Collection code Home library Current library Shelving location Date acquired Total Checkouts Full call number Barcode Date last seen Price effective from Koha item type
    Library of Congress Classification     Main Collection ARRUPE LIBRARY ARRUPE LIBRARY Main Collection 25/03/2015   BS2545.C5 H37 46500002605 25/03/2015 25/03/2015 Monograph ( Printed materials)

 

Arrupe Library. PO Box MP320 Mt Pleasant, Harare, Zimbabwe
263 242 745411|librarian@aju.ac.zw